| 000 | 00360nam a2200133Ia 4500 | ||
|---|---|---|---|
| 005 | 20260328101531.0 | ||
| 008 | 260328s9999||||xx |||||||||||||| ||und|| | ||
| 100 | _adel Valle Sinibaldi, Andrés | ||
| 245 | 0 |
_aProyectos de vinculacion / _cAndrés del Valle Sinibaldi |
|
| 260 | _bServiprensa | ||
| 300 | _a269 p. | ||
| 650 | _aDISEÑO INDUSTRIAL | ||
| 942 | _cBK | ||
| 999 |
_c10000 _d10000 |
||